| 000 | 00330pam a2200121a 44500 | ||
|---|---|---|---|
| 008 | 230405s2008 xxu||||| |||| 00| 0 eng d | ||
| 041 | _aENG | ||
| 100 | _aK K PILLAI / QADRY | ||
| 245 | _aBIOCHEMISTRY AND CLINICAL PATHOLOGY | ||
| 260 |
_aNEW YORK _bMARCEL DEKKER INC PUBLICATIONS NEW YORK _c2008 |
||
| 300 | _a168 | ||
| 906 | _a3840 | ||
| 999 |
_c269279 _d269279 |
||